CATÁLOGO PÚBLICO DE LA BIBLIOTECA OSCAR VARSAVSKY

Gestión de los Organismos Regionales de Desarrollo / (Registro nro. 11254)

Detalles MARC
000 -CABECERA
campo de control de longitud fija 00589nam a22001937a 4500
001 - NÚMERO DE CONTROL
campo de control T027600010548
008 - DATOS DE LONGITUD FIJA--INFORMACIÓN GENERAL
campo de control de longitud fija 181111b xve|||||r|||| 00| | esp d
099 ## - SIGNATURA TOPOGRÁFICA LOCAL
Número de clasificación IVP-D-05522
Cutter
100 ## - ENTRADA PRINCIPAL--NOMBRE DE PERSONA
Nombre de persona Ministerio de Planificación y Desarrollo
245 ## - MENCIÓN DE TÍTULO
Título Gestión de los Organismos Regionales de Desarrollo /
Resto del título período enero-septiembre 2001
260 ## - PUBLICACIÓN, DISTRIBUCIÓN, ETC. (PIE DE IMPRENTA)
Lugar de publicación, distribución, etc.
300 ## - DESCRIPCIÓN FÍSICA
Extensión 57 p.
500 ## - NOTA GENERAL
Nota general
650 ## - PUNTO DE ACCESO ADICIONAL DE MATERIA--TÉRMINO DE MATERIA
Término de materia o nombre geográfico como elemento inicial Análisis de gestión
650 ## - PUNTO DE ACCESO ADICIONAL DE MATERIA--TÉRMINO DE MATERIA
Término de materia o nombre geográfico como elemento inicial metas físicas
650 ## - PUNTO DE ACCESO ADICIONAL DE MATERIA--TÉRMINO DE MATERIA
Término de materia o nombre geográfico como elemento inicial recursos adicionales
700 ## - PUNTO DE ACCESO ADICIONAL--NOMBRE DE PERSONA
Nombre de persona Despacho del Viceministro de Planificción y Desarrollo Regional
Término indicativo de función/relación
942 ## - ELEMENTOS DE PUNTO DE ACCESO ADICIONAL (KOHA)
Tipo de ítem Koha Libro
Existencias
Estado de retiro Estado de pérdida Estado dañado No para préstamo Código de colección Localización permanente Ubicación/localización actual Ubicación en estantería Fecha de adquisición Total de préstamos Signatura topográfica completa Código de barras Fecha visto por última vez Precio válido a partir de Tipo de ítem Koha
        IVP Oscar Varsavsky Oscar Varsavsky Caja N° 4 13.11.2018   IVP-D-05522 T027600013208 13.11.2018 13.11.2018 Documento